| 000 | 00636nam a22001937a 4500 | ||
|---|---|---|---|
| 999 |
_c17788 _d17788 |
||
| 003 | AR-CdUCM | ||
| 008 | 190328b ||||| |||| 00| 0 spa d | ||
| 040 |
_aMUNICIPALIDAD PROVINCIAL DEL CUSCO _cBIBLIOTECA MUNICIPAL DEL CUSCO |
||
| 082 |
_a808.8 / _bP95P |
||
| 245 |
_aCondesa de La Fayette : _bLa princesa de Cleves / |
||
| 260 |
_aArgentina : _bCentro editor de américa latina, _c1969. |
||
| 300 |
_a138 paginas ; _c16 cm. |
||
| 505 | _aContenido :Novela. | ||
| 650 |
_aNovelas francesas _9571 |
||
| 650 |
_aNovelas históricas francesas _910751 |
||
| 650 |
_aSiglo XVIII _9837 |
||
| 942 |
_2ddc _cLIBROS |
||
| 945 |
_adavv _d2019-05-09 |
||